000 00263nam a2200109Ia 4500
008 190216s9999||||xx |||||||||||||| ||und||
100 _aChellappan Nair N P
245 0 _aMalayalam-Prema Vaichithryam
260 _bNbs Kottayam
650 _aMalayalam
942 _cBK
999 _c23887
_d23887